Регионална библиотека "Любен Каравелов" - Русе

Международна сделка за покупко-продажба (Запис номер 408)

MARC детайли
000 -Лидер
Контролно поле с фиксирана дължина 02138nam a2200409 a 4500
003 - Код на организацията, давaща контролен номер
Контролно поле BLK
005 - Дата и час на последна редакция
Контролно поле 20230623155436.0
008 - Елементи от данни с фиксирана дължина
fixed length control field 180412b bul|||||r ||||||| ||bul||
010 ## - Наследен системен номер
LC control number KNG00000647000
020 ## - Международен стандартен номер на книга ISBN
Международен стандартен номер на книга ISBN 954-8067-08-0
040 ## - Източник на каталожния запис
Идентификатор на билиотеката - собственик на записа BLK
041 ## - Код за език
Код за езика на текст/звукозапис или на отделно заглавие Български
Код за езика КДБФ Български
080 ## - УДК
Текстов определител УДК Външна търговия. Международна търговия. Външно-търговска политика. Мита. Вж и 336. 4
УДК код - определител по УДК 339.5
УДК определител (075.8)
УДК - код + определител 339.5(075.8)
080 ## - УДК
Текстов определител УДК Техника на търговията (икон. аспекти). Условия на сделките. Форми на стокообмен и разпределение на стоките. Условия на доставките, на плащане. Размяна. Бартерни сделки. Покупка. Продажба. Фр
УДК код - определител по УДК 339.18
УДК определител (075.8)
УДК - код + определител 339.18(075.8)
100 1# - Редна дума - Автор
Автор Каракашева, Лилия Вълчева
Авторска отговорност първи автор
R(LIN) 242331
139 ## - Редно поле
Редна дума Каракашева, Лилия Вълчева и др.
Авторски знак Карак - К 32
245 10 - Сведения за заглавието
Заглавие Международна сделка за покупко-продажба
Подзаглавни данни Уч. помагало
Редно поле (дума) Лилия Вълчева Каракашева; съавт. Бистра Николова Боева.
257 ## - Страна на издаване
Страна на създаване/издаване България
260 ## - Област на издателските данни
Място на издаване, разпространение и проч. Варна
Име на издателя, разпространителя и проч. Princeps
Година на издаване 1994
Печатница Русе : Дунав прес
300 ## - Физическа характеристика
Страници 264 с.
Илюстрации и др. с табл., факс., ил.
Размери/Мащаб 24 см
380 ## - Жанр
Жанр Обществени науки
490 ## - СЕРИИ (Колекции)
Име на серия Библиотека Сделките в международния бизнес
500 ## - Общи забележки
Забележка Библиогр. с. 261-262.
504 ## - Забележка за наличие на библиография и др
Забележка за наличие на библиография и под. 261-262
650 #4 - Допълнително описание по предмет – тема
Основно описание – тема или топоним Външнотърговски сделки - учебници за ВУЗ
9 (RLIN) 242333
653 ## - Ключова дума – ненормативна
Ключова дума външнотърговски сделки
653 ## - Ключова дума – ненормативна
Ключова дума продажби
653 ## - Ключова дума – ненормативна
Ключова дума учебници за ВУЗ
700 1# - Други автори (авторска отговорност)
Лично име Боева, Бистра Николова
Автороска отговорност (Описва отношението между автора и произведението) съавт.
9 (RLIN) 242332
852 ## - Местоположение
Форматна сигнатура Цб 176606
Фондова буква Хранилище
856 4# - Електронен адрес и достъп
Електронен формат pdf - файл
Път до файла /url/
856 4# - Електронен адрес и достъп
Електронен формат pdf - файл
Път до файла /url/
942 ## - АРТИКУЛИ
Вид на библиотечния материал Книги
Скрит в OPAC Не
944 ## - СЪЗДАВАНЕ И РЕДАКЦИЯ на ЗАПИСА
Създаване/Редакция Създаване
Дата на регистрацията/редакция 13.05.2003
Статус, дата на статуса ф /
Служител, извършил регистрацията/редакцията Геновева_Генчева
944 ## - СЪЗДАВАНЕ И РЕДАКЦИЯ на ЗАПИСА
Създаване/Редакция Редакция
Дата на регистрацията/редакция 19.08.2010
Статус, дата на статуса ф /
999 ## - СИСТЕМНИ КОНТРОЛНИ НОМЕРА
Koha biblionumber 408
Koha biblioitemnumber 408
999 ## - СИСТЕМНИ КОНТРОЛНИ НОМЕРА
Koha biblioitemnumber 408
Наличности
Код за отписване Код за изгубен артикул Код за повреда Коз за рестрикции Код за отдаване Артикулен № Име на библиотеката - собственик Име на библиотеката, в която се намира в момента Статус (Текущо местоположение) Дата на вписване в системата Местоположение - отдел Цена в лева Инвентарен номер Систематично азбучна сигнатура Баркод Номер на екземпляра Цена в евро Служебна бележка Служебен тип на артикула Източник на класификационната схема
Изтеглен Не е изгубен Не е повреден без рестрикции заемане за дома 778 Регионална библиотека "Любен Каравелов" Русе Регионална библиотека "Любен Каравелов" Русе Заемна - подръчен фонд 2001-01-01 Заемна - подръчен фонд 0.01 631229 П 339.5/К 32 631229 1 0.01 Дост: Pk Вид: Ф N: стар фонд Дата инв: 05.02.2018 Бележки инв: П2018 Книги  
  Не е изгубен Не е повреден без рестрикции ползва се в читалня 779 Регионална библиотека "Любен Каравелов" Русе Регионална библиотека "Любен Каравелов" Русе Читалня 1994-01-01 Читалня 0.00 595264 Ч 339.5/К 32 120000595264 2 0.00 Дост: Pk Вид: Ф N: стар фонд Дата: 01.01.1994 Дата инв: 23.03.2017 Бележки инв: Ч2017 Книги Universal Decimal Classification
Изтеглен Не е изгубен Не е повреден без рестрикции заемане за дома 780 Регионална библиотека "Любен Каравелов" Русе Регионална библиотека "Любен Каравелов" Русе Заемна - подръчен фонд 1994-01-01 Заемна - подръчен фонд 0.01 603781 П 339/К 32 603781 3 0.01 Дост: Pk Вид: Ф N: стар фонд Дата: 01.01.1994 Дата инв: 05.02.2018 Бележки инв: П2018 Книги Universal Decimal Classification
  Не е изгубен Не е повреден без рестрикции ползва се в читалня 781 Регионална библиотека "Любен Каравелов" Русе Регионална библиотека "Любен Каравелов" Русе Хранилище 1994-01-01 Хранилище 0.00 600463 Цб 176606 120000600463 4 0.00 Дост: Dp Вид: Д N: 8 Дата: 01.01.1994 Книги Universal Decimal Classification
Vip Innovations Ltd, Rousse, Bulgaria 2025